• 首页
  • 本馆介绍
  • 公告通知
  • 最新文献
  • 馆藏检索
  • 电子资源
  • 读者导购
  • 参考咨询
  • 我的图书馆
  • 登录
  • 详细信息显示
  • 放入我的书架
  • 预约/预借图书
  • 作者相关作品
  • 分类相关作品
  • 丛书相关作品
  • 出版社相关作品

书目信息

  • 表格格式
  • 工作单格式
  • 卡片格式
题名:
表面活性剂应用手册
    
 
作者: 刘程 编著
分册:  
出版信息: 北京   化学工业出版社  2004
页数: 1095页
开本: 26cm
丛书名:
单 册:
中图分类: TQ423-62
科图分类:
主题词: 表面活性剂--应用--手册 , 表面活性剂
电子资源:
ISBN: 7-5025-5606-0
000 00810nam0 2200265 450
001 002750049
005 20080225095442.90
010    @a7-5025-5606-0@b精装@dCNY138.00
035    @a002750049
100    @a20041104d2004 em y0chiy0110 ea
101 0  @achi
102    @aCN@b110000
105    @ay z 000yy
106    @ar
200 1  @a表面活性剂应用手册@Abiao mian huo xing ji ying yong shou ce@f刘程等编著
205    @a3版
210    @a北京@c化学工业出版社@d2004
215    @a1095页@d26cm
330    @a本书介绍了表面活性剂的分类、性能等理论基础,论述其在工业领域的实际应用,并介绍了大量的专利技术和配方实例。
606 0  @a表面活性剂@x应用@j手册
606 0  @a表面活性剂
690    @aTQ423-62@v4
701  0 @a刘程@Aliu cheng@c(化学)@4编著
801  0 @aCN@bNLC@c20080225
905    @dTQ423-62@e19=3@f2
    
    表面活性剂应用手册/刘程等编著.-3版.-北京:化学工业出版社,2004
    1095页;26cm
    
    
    ISBN 7-5025-5606-0(精装):CNY138.00
    本书介绍了表面活性剂的分类、性能等理论基础,论述其在工业领域的实际应用,并介绍了大量的专利技术和配方实例。
●
相关链接 在E读中查询图书 在五车中查询图书 在当当中查询图书 在豆瓣中查询图书


正题名:表面活性剂应用手册     索取号:TQ423-62/19=3         预约/预借

序号 登录号 条形码 馆藏地/架位号 状态 备注
1 0614904   206149041   第二样本阅览室/ [索取号:TQ423-62/19=3] 在馆    
2 0614905   206149050   第三借阅区/ [索取号:TQ423-62/19=3] 在馆    
唐山师范学院图书馆 欢迎您!
大连网信软件有限公司© 版权所有